000 004230000a22001690004500
003 LK-CoMWRAF
008 230817t ||||| |||| 00| 0 eng d
040 _aLK-CoMWRAF
_dLK-CoMWRAF
_eLK-CoMWRAF
041 _aeng
082 _a026
_bSOW
100 _aSelariraaj, S.
245 _aShivashankar Naavalgalil Pengal
_b
260 _bLakshmi Sundaram Kaavya
_aChennai
_c1997
300 _ap.101
650 _aTamil
942 _cBK
999 _c327
_d327